000 00328pab a2200145 454500
008 180718b2001 xxu||||| |||| 00| 0 eng d
100 _aHaragopal, G.
245 _aHuman rights in the 21st century
260 _c2001
300 _ap.13-14
362 _a22 Jul
650 _aHuman rights
773 _aJanata
909 _a49287
999 _c49287
_d49287